Library and Society (Record no. 1929)

MARC details
000 -LEADER
fixed length control field 00426nam a2200193 4500
001 - CONTROL NUMBER
control field 1929
003 - CONTROL NUMBER IDENTIFIER
control field 00
005 - DATE AND TIME OF LATEST TRANSACTION
control field 20260409082610.0
008 - FIXED-LENGTH DATA ELEMENTS--GENERAL INFORMATION
fixed length control field 00
020 ## - INTERNATIONAL STANDARD BOOK NUMBER
International Standard Book Number 987654321234
040 ## - CATALOGING SOURCE
Transcribing agency 00
Modifying agency 00
082 ## - DEWEY DECIMAL CLASSIFICATION NUMBER
Classification number 020
245 ## - TITLE STATEMENT
Title Library and Society
Statement of responsibility, etc. Ranganathan S.R
250 ## - EDITION STATEMENT
Edition statement 2ND ED
260 ## - PUBLICATION, DISTRIBUTION, ETC.
Place of publication, distribution, etc. Hyderabad
Name of publisher, distributor, etc. BSR Publication
Date of publication, distribution, etc. 2025
300 ## - PHYSICAL DESCRIPTION
Other physical details 220P RS.350
Size of unit 22CMM
650 ## - SUBJECT ADDED ENTRY--TOPICAL TERM
Source of heading or term Library,and Society
942 ## - ADDED ENTRY ELEMENTS (KOHA)
Source of classification or shelving scheme Dewey Decimal Classification
Koha item type BOOKS
Suppress in OPAC No

No items available.